[Event "Douglas IoM op"]
[Site "Douglas"]
[Date "2017.09.26"]
[Round "4"]
[White "Rudolf, Anna"]
[Black "Yankelevich, Lev"]
[Result "1-0"]
[WhiteElo "2286"]
[BlackElo "2443"]
[PlyCount "119"]
[EventDate "2017.09.23"]
[EventType "swiss"]
[EventRounds "9"]
[EventCountry "IOM"]
[SourceTitle "CBM 181"]
[Source "ChessBase"]
[SourceDate "2017.11.10"]
[SourceVersion "1"]
[SourceVersionDate "2017.11.10"]
[SourceQuality "1"]

1. e4 c5 2. Nf3 d6 3. Bb5+ Nd7 4. 0-0 a6 5. Bxd7+ Bxd7 6. Re1 Bg4 7. h3 Bh5 8. d3 e6 9. Nbd2 Be7 10. Nf1 h6 11. Ng3 Bg6 12. a4 Nf6 13. e5 Nd7 14. Bf4 d5 15. c3 0-0 16. Nh2 Bg5 17. Bxg5 Qxg5 18. d4 Rac8 19. Nf3 Qe7 20. Re3 b6 21. Qe2 Nb8 22. Kh2 Nc6 23. Qxa6 cxd4 24. Nxd4 Nxd4 25. cxd4 Qb4 26. Ne2 Ra8 27. Qb7 Qxb2 28. Raa3 Rfb8 29. Qc7 Qc2 30. Qd7 b5 31. Nf4 b4 32. Rab3 Ra6 33. Rg3 Qc6 34. Qe7 Re8 35. Nxg6 fxg6 36. Qxb4 Rxa4 37. Qd2 g5 38. f4 Ra1 39. fxg5 h5 40. g6 h4 41. Rgf3 Qc1 42. Qxc1 Rxc1 43. Rf4 Rf8 44. Rxh4 Rc7 45. Rb6 Re8 46. Rf4 Ra7 47. h4 Rc7 48. h5 Ra7 49. Kh3 Rc7 50. Kh4 Rc2 51. g4 Rc7 52. Rb3 Rec8 53. Rbf3 Rc4 54. g5 Rc1 55. h6 Rh1+ 56. Rh3 Rg1 57. Kh5 Kh8 58. Rf7 Rg8 59. Re7 Rd1 60. hxg7+ 1-0

[Event "ESP-chT CECLUB Honor"]
[Site "Linares"]
[Date "2017.08.16"]
[Round "3.3"]
[White "Sgircea, Silvia Raluca"]
[Black "Rudolf, Anna"]
[Result "0-1"]
[WhiteElo "2246"]
[BlackElo "2260"]
[PlyCount "126"]
[EventDate "2017.08.14"]
[EventType "team-tourn"]
[EventRounds "7"]
[EventCountry "ESP"]
[SourceTitle "CBM 180 Extra"]
[Source "ChessBase"]
[SourceDate "2017.10.06"]
[SourceVersion "1"]
[SourceVersionDate "2017.10.06"]
[SourceQuality "1"]
[WhiteTeam "Equigoma Social Catolica"]
[BlackTeam "Monzon Jaime Casas"]
[WhiteTeamCountry "ESP"]
[BlackTeamCountry "ESP"]

1. Nf3 d6 2. d4 Nf6 3. g3 Nbd7 4. Bg2 e5 5. 0-0 Be7 6. Nc3 0-0 7. e4 c6 8. a4 b6 9. h3 Bb7 10. Be3 a6 11. Nd2 b5 12. axb5 axb5 13. dxe5 dxe5 14. Nb3 Qc7 15. g4 b4 16. Ne2 Rxa1 17. Qxa1 c5 18. Ng3 Ra8 19. Qc1 c4 20. Nd2 c3 21. bxc3 Qxc3 22. Rd1 Nc5 23. g5 Nfd7 24. Nb1 Qc4 25. Bf1 Qe6 26. f3 Nb6 27. Nf5 Bf8 28. Qd2 Nca4 29. Qf2 Nb2 30. Re1 N2c4 31. Bc5 Rc8 32. Bxf8 Kxf8 33. Rd1 g6 34. Nh6 f5 35. gxf6 Qxf6 36. Ng4 Qe7 37. Nd2 h5 38. Nxc4 Nxc4 39. Bxc4 Rxc4 40. Ne3 Rd4 41. Rxd4 exd4 42. Ng2 Qc5 43. Nf4 Qg5+ 44. Ng2 Qc5 45. Nf4 Kf7 46. Nd3 Qd6 47. Qe1 b3 48. cxb3 Ba6 49. Nb4 d3 50. Nxa6 Qxa6 51. Qd2 Qb6+ 52. Kf1 Qxb3 53. Qf4+ Ke6 54. Qg5 Qd1+ 55. Kf2 Qc2+ 56. Kg3 h4+ 57. Qxh4 d2 58. Qg4+ Ke5 59. f4+ Kd4 60. Qd7+ Kc3 61. Qg7+ Kb3 62. Qb7+ Ka2 63. Qa6+ Kb2 0-1

[Event "Andorra op 34th"]
[Site "Escaldes"]
[Date "2016.08.07"]
[Round "5"]
[White "Rudolf, Anna"]
[Black "Glud, Jakob Vang"]
[Result "0-1"]
[WhiteElo "2247"]
[BlackElo "2532"]
[PlyCount "88"]
[EventDate "2016.08.03"]
[EventType "swiss"]
[EventRounds "9"]
[EventCountry "AND"]
[SourceTitle "CBM 173 Extra"]
[Source "ChessBase"]
[SourceDate "2016.08.29"]
[SourceVersion "1"]
[SourceVersionDate "2016.08.29"]
[SourceQuality "1"]

1. e4 e5 2. Nf3 Nc6 3. Bb5 a6 4. Ba4 Nf6 5. d3 d6 6. 0-0 g6 7. Nc3 Bg7 8. Nd5 h6 9. Nb4 Bd7 10. Nxc6 Bxc6 11. Bxc6+ bxc6 12. Be3 0-0 13. h3 Re8 14. c3 Qb8 15. Qc2 Qb7 16. b4 a5 17. Rfb1 Qa6 18. Nd2 a4 19. c4 Rab8 20. Qb2 d5 21. f3 Nh5 22. b5 Qa8 23. cxd5 cxd5 24. Qc2 Nf4 25. Rb4 Qa5 26. Rab1 Ra8 27. b6 cxb6 28. Rb5 Qc3 29. Rc1 Qxd3 30. Qxd3 Nxd3 31. Rd1 d4 32. Nc4 Nc5 33. Bc1 Nd7 34. Ba3 Rec8 35. Nxb6 Nxb6 36. Rxb6 Rc2 37. Rb2 Rxb2 38. Bxb2 Bf8 39. f4 Rb8 40. Bc1 Rb1 41. Rf1 Ra1 42. fxe5 Rxa2 43. Bf4 g5 44. Bg3 Rb2 0-1

[Event "EU-ch (Women) 17th"]
[Site "Mamaia"]
[Date "2016.05.30"]
[Round "4"]
[White "Rudolf, Anna"]
[Black "Abdulla, Khayala Mardan Qizi"]
[Result "0-1"]
[WhiteElo "2301"]
[BlackElo "2209"]
[PlyCount "164"]
[EventDate "2016.05.27"]
[EventType "swiss"]
[EventRounds "11"]
[EventCountry "ROU"]
[SourceTitle "CBM 172 Extra"]
[Source "ChessBase"]
[SourceDate "2016.06.21"]
[SourceVersion "1"]
[SourceVersionDate "2016.06.21"]
[SourceQuality "1"]

1. d4 Nf6 2. Nf3 e6 3. c4 b6 4. g3 Ba6 5. b3 Bb4+ 6. Bd2 Be7 7. Bg2 c6 8. Bc3 d5 9. Ne5 Nfd7 10. Nxd7 Nxd7 11. Nd2 0-0 12. 0-0 f5 13. Qc2 Rc8 14. a4 Bf6 15. Qb2 Qe7 16. b4 Bxc4 17. Nxc4 dxc4 18. e4 fxe4 19. Rfe1 c5 20. dxc5 bxc5 21. b5 Bd4 22. Bxd4 cxd4 23. Qxd4 Nc5 24. Qe3 Qf6 25. Ra2 Nd3 26. Rb1 c3 27. Bxe4 c2 28. Bxd3 cxb1Q+ 29. Bxb1 g6 30. Be4 Rf7 31. Bc6 Rd8 32. Kg2 Qf5 33. a5 Rd6 34. Qe4 Qxe4+ 35. Bxe4 Rd4 36. Bc6 Rb4 37. Rd2 Kg7 38. f3 Kf6 39. Re2 Rb3 40. h4 Rc7 41. a6 Rb4 42. Kf2 h6 43. Kg2 g5 44. h5 e5 45. g4 Ke6 46. Rd2 Rd4 47. Rb2 Rd6 48. b6 Rcxc6 49. b7 Rb6 50. b8Q Rxb8 51. Rxb8 Rxa6 52. Rb5 Ra4 53. Kf2 e4 54. fxe4 Rxe4 55. Kf3 Rf4+ 56. Kg3 Ra4 57. Rc5 Ra3+ 58. Kf2 a5 59. Rb5 a4 60. Ra5 Ra1 61. Kg2 a3 62. Ra6+ Ke5 63. Rxh6 Kf4 64. Ra6 Kxg4 65. h6 Ra2+ 66. Kg1 Kg3 67. Kf1 Ra1+ 68. Ke2 a2 69. h7 Rh1 70. Rxa2 Rxh7 71. Ra3+ Kg2 72. Ra4 Re7+ 73. Kd1 Kf3 74. Ra3+ Re3 75. Ra5 g4 76. Kd2 Re8 77. Rf5+ Kg2 78. Kd3 g3 79. Kd2 Kg1 80. Kd1 g2 81. Rf7 Re4 82. Kd2 Kh2 0-1

[Event "EU-ch (Women) 17th"]
[Site "Mamaia"]
[Date "2016.05.29"]
[Round "3"]
[White "Makropoulou, Marina"]
[Black "Rudolf, Anna"]
[Result "1/2-1/2"]
[WhiteElo "2143"]
[BlackElo "2301"]
[PlyCount "113"]
[EventDate "2016.05.27"]
[EventType "swiss"]
[EventRounds "11"]
[EventCountry "ROU"]
[SourceTitle "CBM 172 Extra"]
[Source "ChessBase"]
[SourceDate "2016.06.21"]
[SourceVersion "1"]
[SourceVersionDate "2016.06.21"]
[SourceQuality "1"]

1. e4 e5 2. Nf3 Nc6 3. Nc3 Nf6 4. Bb5 Bc5 5. 0-0 0-0 6. d3 d6 7. Na4 Nd4 8. Nxd4 Bxd4 9. c3 a6 10. cxd4 axb5 11. Nc3 b4 12. Ne2 exd4 13. Nxd4 c5 14. Ne2 d5 15. e5 Ng4 16. d4 c4 17. f3 Nh6 18. Bxh6 gxh6 19. Qd2 Qb6 20. Nf4 Rd8 21. Nh5 Bf5 22. Nf6+ Kg7 23. Qf4 Bg6 24. h4 Qe6 25. g4 Bd3 26. Rfd1 Bc2 27. Rd2 b3 28. Rxc2 bxc2 29. Qd2 Qb6 30. Kg2 Qxb2 31. Rc1 Ra6 32. Rxc2 Qb1 33. a4 Rb6 34. Kg3 Qg1+ 35. Kf4 Rb3 36. Rc3 Qb1 37. Rxb3 cxb3 38. Qa5 Qc1+ 39. Kg3 Rc8 40. Nh5+ Kg8 41. Qb6 Qc6 42. Qxb3 Ra8 43. Nf6+ Kf8 44. Qb4+ Kg7 45. Qb1 Rh8 46. Nh5+ Kg8 47. Qb4 Qc1 48. Kf2 Qc2+ 49. Ke3 Qc1+ 50. Ke2 Qc2+ 51. Ke3 Qc1+ 52. Kf2 Qc2+ 53. Kg3 Qc1 54. Kf2 Qc2+ 55. Ke3 Qc1+ 56. Ke2 Qc2+ 57. Ke3 1/2-1/2

[Event "Aragon-chT Honor GrB"]
[Site "Aragon"]
[Date "2016.02.27"]
[Round "5.23"]
[White "Rudolf, Anna"]
[Black "Gomez Anadon, Daniel"]
[Result "0-1"]
[WhiteElo "2332"]
[BlackElo "2212"]
[PlyCount "86"]
[EventDate "2016.01.30"]
[EventType "team-tourn"]
[EventRounds "7"]
[EventCountry "ESP"]
[SourceTitle "EXT 2018"]
[Source "ChessBase"]
[SourceDate "2017.10.13"]
[SourceVersion "1"]
[SourceVersionDate "2017.10.13"]
[SourceQuality "1"]
[WhiteTeam "Jaime Casas"]
[BlackTeam "St Casablanca II"]
[WhiteTeamCountry "ESP"]
[BlackTeamCountry "ESP"]

1. e4 Nf6 2. e5 Nd5 3. Nf3 d6 4. Bc4 e6 5. d4 Be7 6. 0-0 Nc6 7. Nbd2 dxe5 8. dxe5 g5 9. Bb5 Bd7 10. Ne4 Rg8 11. c4 Nb6 12. c5 Nd5 13. Qe2 g4 14. Bxc6 Bxc6 15. Nd4 Nf4 16. Bxf4 Qxd4 17. Rfe1 Qxe4 18. Qxe4 Bxe4 19. Rxe4 Bxc5 20. Rc1 0-0-0 21. Rec4 Bb6 22. Be3 Rd7 23. Kf1 Bxe3 24. fxe3 Rg5 25. Ke2 h5 26. Re4 Rd5 27. Rf4 Rf5 28. Rcf1 Rdxe5 29. e4 Rxf4 30. Rxf4 f5 31. Kd3 Rxe4 32. Rxe4 fxe4+ 33. Kxe4 c5 34. a4 Kd7 35. Kf4 Kd6 36. Kg5 Ke5 37. h4 gxh3 38. gxh3 c4 39. h4 b6 40. Kxh5 Kf5 41. Kh6 e5 42. h5 e4 43. Kg7 e3 0-1

[Event "Aragon-chT Honor GrB"]
[Site "Aragon"]
[Date "2016.02.06"]
[Round "2.20"]
[White "Rudolf, Anna"]
[Black "Glaria Tevar, Salvador"]
[Result "1-0"]
[WhiteElo "2332"]
[BlackElo "1808"]
[PlyCount "23"]
[EventDate "2016.01.30"]
[EventType "team-tourn"]
[EventRounds "7"]
[EventCountry "ESP"]
[SourceTitle "EXT 2018"]
[Source "ChessBase"]
[SourceDate "2017.10.13"]
[SourceVersion "1"]
[SourceVersionDate "2017.10.13"]
[SourceQuality "1"]
[WhiteTeam "Jaime Casas"]
[BlackTeam "San Jose"]
[WhiteTeamCountry "ESP"]
[BlackTeamCountry "ESP"]

1. e4 e6 2. d4 d5 3. Nd2 Nc6 4. Ngf3 Nf6 5. e5 Nd7 6. Be2 f6 7. exf6 Qxf6 8. Nf1 Bd6 9. Ne3 0-0 10. 0-0 Qg6 11. h3 Nf6 12. c4 1-0

[Event "Tata Steel-C 78th"]
[Site "Wijk aan Zee"]
[Date "2016.01.30"]
[Round "8"]
[White "Rudolf, Anna"]
[Black "Pijpers, Arthur"]
[Result "1/2-1/2"]
[WhiteElo "2332"]
[BlackElo "2463"]
[PlyCount "119"]
[EventDate "2016.01.22"]
[EventType "tourn"]
[EventRounds "9"]
[EventCountry "NED"]
[EventCategory "6"]
[SourceTitle "CBM 170 Extra"]
[Source "ChessBase"]
[SourceDate "2016.02.25"]
[SourceVersion "1"]
[SourceVersionDate "2016.02.25"]
[SourceQuality "1"]

1. e4 e6 2. d4 d5 3. Nd2 c5 4. exd5 Qxd5 5. Ngf3 cxd4 6. Bc4 Qd6 7. 0-0 Nf6 8. Nb3 Nc6 9. Nbxd4 Nxd4 10. Qxd4 Qxd4 11. Nxd4 a6 12. a4 Bc5 13. c3 Bd7 14. Be3 Rc8 15. Bb3 0-0 16. h3 a5 17. Rfd1 Rfd8 18. Nc2 Ne4 19. Nd4 h6 20. Kf1 e5 21. Nf3 Bxe3 22. fxe3 Bc6 23. Ke2 Nc5 24. Bc2 f6 25. Rxd8+ Rxd8 26. b4 Ne4 27. Ra3 Rc8 28. Bxe4 Bxe4 29. g3 b6 30. Nd2 Bd5 31. h4 Kf7 32. Kd3 Rd8 33. Kc2 g5 34. c4 Bc6 35. b5 Bg2 36. c5 bxc5 37. Rc3 gxh4 38. gxh4 Rc8 39. Nb3 c4 40. Nxa5 Bd5 41. b6 Ke6 42. Nxc4 Bxc4 43. b7 Rb8 44. Rxc4 Rxb7 45. e4 Rb6 46. Kc3 f5 47. a5 Ra6 48. Ra4 fxe4 49. Kd2 Kf5 50. Ke2 Kf4 51. Kf2 h5 52. Ke2 Kg3 53. Ke3 Kxh4 54. Rxe4+ Kg3 55. Rxe5 h4 56. Rg5+ Kh2 57. Kd4 h3 58. Kc4 Kh1 59. Kb5 h2 60. Kxa6 1/2-1/2

[Event "Hoogeveen Unive op 19th"]
[Site "Hoogeveen"]
[Date "2015.10.23"]
[Round "8"]
[White "Rudolf, Anna"]
[Black "Schroeder, Jan Christian"]
[Result "0-1"]
[WhiteElo "2329"]
[BlackElo "2519"]
[PlyCount "86"]
[EventDate "2015.10.17"]
[EventType "swiss"]
[EventRounds "9"]
[EventCountry "NED"]
[SourceTitle "EXT 2017"]
[Source "ChessBase"]
[SourceDate "2016.10.25"]
[SourceVersion "1"]
[SourceVersionDate "2016.10.25"]
[SourceQuality "1"]

1. d4 Nf6 2. Nf3 e6 3. e3 b6 4. Bd3 Bb7 5. 0-0 d5 6. Ne5 Bd6 7. b3 0-0 8. Bb2 Nbd7 9. f4 Ne4 10. Nd2 Nxd2 11. Qxd2 Nf6 12. Rf3 Ne4 13. Qe2 f6 14. Ng4 Qe7 15. Rh3 Rf7 16. Rf1 Rd8 17. Qe1 f5 18. Ne5 Bxe5 19. dxe5 c5 20. Qe2 g6 21. Rd1 Rg7 22. Bxe4 fxe4 23. g4 Rf7 24. Rg3 Rdf8 25. c4 d4 26. exd4 Rxf4 27. d5 exd5 28. cxd5 Bxd5 29. Rxd5 Rf1+ 30. Kg2 R1f2+ 31. Qxf2 Rxf2+ 32. Kxf2 Qf7+ 33. Ke2 Qxd5 34. g5 Kf7 35. Rh3 Ke6 36. Re3 b5 37. Rg3 b4 38. a4 c4 39. bxc4 Qxc4+ 40. Kd2 Qa2 41. Kc1 Qxa4 42. Rg1 Qc6+ 43. Kb1 e3 0-1

[Event "Hoogeveen Unive op 19th"]
[Site "Hoogeveen"]
[Date "2015.10.20"]
[Round "5"]
[White "Heemskerk, Wim"]
[Black "Rudolf, Anna"]
[Result "1/2-1/2"]
[WhiteElo "2181"]
[BlackElo "2329"]
[PlyCount "102"]
[EventDate "2015.10.17"]
[EventType "swiss"]
[EventRounds "9"]
[EventCountry "NED"]
[SourceTitle "EXT 2017"]
[Source "ChessBase"]
[SourceDate "2016.10.25"]
[SourceVersion "1"]
[SourceVersionDate "2016.10.25"]
[SourceQuality "1"]

1. Nf3 d5 2. g3 Nf6 3. Bg2 e6 4. 0-0 Be7 5. c4 0-0 6. b3 b6 7. Bb2 Bb7 8. e3 c5 9. Nc3 dxc4 10. bxc4 Nc6 11. Qe2 a6 12. Rfd1 Qc7 13. Rab1 Na5 14. d3 Rfd8 15. Ne1 Bxg2 16. Nxg2 Qc6 17. Ba1 Rab8 18. a4 Qc7 19. g4 Ne8 20. h4 Nc6 21. g5 Rd7 22. Nf4 Nd6 23. Nh5 Nf5 24. Ne4 Ne5 25. f4 Ng6 26. Qb2 e5 27. fxe5 Bd8 28. Qf2 Nfxh4 29. Nxg7 Nxe5 30. Ne8 Nef3+ 31. Kf1 Qc8 32. Qg3 Bc7 33. N4f6+ Kf8 34. Nxc7 Rxc7 35. Qd6+ Re7 36. Nxh7+ Kg8 37. Nf6+ Kf8 38. Nd7+ Qxd7 39. Qxb8+ Re8 40. Qg3 Rxe3 41. Kf2 Qe8 42. Rxb6 Re2+ 43. Kf1 Nh2+ 44. Kg1 Rg2+ 45. Qxg2 Nxg2 46. Rdb1 Qe3+ 47. Kxh2 Nf4 48. Rb8+ Ke7 49. Bf6+ Kd7 50. R1b7+ Kc6 51. Rb6+ Kd7 1/2-1/2

[Event "Hoogeveen Unive op 19th"]
[Site "Hoogeveen"]
[Date "2015.10.18"]
[Round "2"]
[White "Halkias, Stelios"]
[Black "Rudolf, Anna"]
[Result "1-0"]
[WhiteElo "2534"]
[BlackElo "2329"]
[PlyCount "61"]
[EventDate "2015.10.17"]
[EventType "swiss"]
[EventRounds "9"]
[EventCountry "NED"]
[SourceTitle "EXT 2017"]
[Source "ChessBase"]
[SourceDate "2016.10.25"]
[SourceVersion "1"]
[SourceVersionDate "2016.10.25"]
[SourceQuality "1"]

1. c4 e6 2. Nc3 d5 3. d4 Be7 4. Bf4 Nf6 5. e3 0-0 6. a3 b6 7. Nb5 Na6 8. Nf3 Bb7 9. Be2 c6 10. Nc3 c5 11. cxd5 Nxd5 12. Nxd5 exd5 13. 0-0 Nc7 14. dxc5 Bxc5 15. Rc1 Bd6 16. Bxd6 Qxd6 17. Nd4 Ne6 18. Bg4 Qe5 19. Nxe6 fxe6 20. Qd4 Qd6 21. Qb4 Qd7 22. Qc3 Rac8 23. Qe5 Rfe8 24. h4 Qe7 25. Rxc8 Bxc8 26. Rc1 Bd7 27. Rc7 Qxh4 28. Bh3 Qd8 29. Rxa7 Re7 30. Qd6 Qe8 31. Rxd7 1-0

[Event "Budapest Duna op"]
[Site "Budapest"]
[Date "2015.09.28"]
[Round "6"]
[White "Juhasz, Barbara"]
[Black "Rudolf, Anna"]
[Result "0-1"]
[WhiteElo "2175"]
[BlackElo "2329"]
[PlyCount "74"]
[EventDate "2015.09.23"]
[EventType "swiss"]
[EventRounds "9"]
[EventCountry "HUN"]
[SourceTitle "CBM 168 Extra"]
[Source "ChessBase"]
[SourceDate "2015.10.29"]
[SourceVersion "1"]
[SourceVersionDate "2015.10.29"]
[SourceQuality "1"]

1. e4 d5 2. exd5 Qxd5 3. Nc3 Qd6 4. d4 g6 5. Nb5 Qb6 6. Nf3 Bg7 7. c3 Nf6 8. Na3 Be6 9. Nc4 Bxc4 10. Bxc4 0-0 11. 0-0 Nbd7 12. a4 a5 13. Re1 e6 14. Qe2 Nd5 15. Bxd5 exd5 16. Bf4 Nf6 17. Qb5 Rfe8 18. Qxb6 cxb6 19. Rxe8+ Rxe8 20. Re1 Ne4 21. Nd2 f5 22. Nf1 Re6 23. f3 Nc5 24. Rxe6 Nxe6 25. Bb8 Bh6 26. Ba7 b5 27. axb5 a4 28. c4 dxc4 29. d5 c3 30. bxc3 a3 31. Be3 a2 32. Bxh6 Nc5 33. Be3 Nd7 34. c4 a1Q 35. c5 Qa5 36. c6 Qxb5 37. cxd7 Qxd7 0-1

[Event "Budapest Duna op"]
[Site "Budapest"]
[Date "2015.09.26"]
[Round "4"]
[White "Almasi, Istvan"]
[Black "Rudolf, Anna"]
[Result "1/2-1/2"]
[WhiteElo "2409"]
[BlackElo "2329"]
[PlyCount "53"]
[EventDate "2015.09.23"]
[EventType "swiss"]
[EventRounds "9"]
[EventCountry "HUN"]
[SourceTitle "CBM 168 Extra"]
[Source "ChessBase"]
[SourceDate "2015.10.29"]
[SourceVersion "1"]
[SourceVersionDate "2015.10.29"]
[SourceQuality "1"]

1. Nf3 d5 2. c4 e6 3. g3 Nf6 4. Bg2 Be7 5. 0-0 0-0 6. d4 dxc4 7. Qc2 a6 8. a4 Bd7 9. Rd1 Bc6 10. Nc3 Bb4 11. Bg5 Bxc3 12. Bxf6 Qxf6 13. bxc3 Nd7 14. Qa2 Bd5 15. Nd2 Bxg2 16. Kxg2 e5 17. d5 Qe7 18. Ne4 f5 19. d6 cxd6 20. Qxc4+ Qf7 21. Qxf7+ Kxf7 22. Rxd6 Ke7 23. Rad1 Rad8 24. Ng5 Nc5 25. R6d5 Rxd5 26. Rxd5 Nxa4 27. e4 1/2-1/2

[Event "Budapest Duna op"]
[Site "Budapest"]
[Date "2015.09.25"]
[Round "3"]
[White "Rudolf, Anna"]
[Black "Polyik, Peter"]
[Result "1-0"]
[WhiteElo "2329"]
[BlackElo "2178"]
[PlyCount "75"]
[EventDate "2015.09.23"]
[EventType "swiss"]
[EventRounds "9"]
[EventCountry "HUN"]
[SourceTitle "CBM 168 Extra"]
[Source "ChessBase"]
[SourceDate "2015.10.29"]
[SourceVersion "1"]
[SourceVersionDate "2015.10.29"]
[SourceQuality "1"]

1. Nf3 d5 2. d4 Nf6 3. c4 e6 4. e3 c6 5. Bd3 dxc4 6. Bxc4 b5 7. Be2 Bb7 8. 0-0 a6 9. b3 Nbd7 10. Bb2 c5 11. Nbd2 Bd6 12. dxc5 Nxc5 13. Ne5 0-0 14. Bf3 Nd5 15. Ne4 Nxe4 16. Bxe4 f5 17. Bf3 Qg5 18. Qd4 Rad8 19. Qa7 Ba8 20. g3 f4 21. h4 Qf6 22. exf4 Nxf4 23. Bxa8 Bxe5 24. Bxe5 Qxe5 25. gxf4 Rxf4 26. Bg2 Rxh4 27. Rfe1 Qh2+ 28. Kf1 Rg4 29. Qb7 Rf8 30. Rxe6 Qg3 31. Re2 Rgf4 32. Qb6 Qd3 33. Qe6+ Kh8 34. Kg1 h5 35. Rae1 Rg4 36. Qe3 Qd5 37. Qh3 Rf5 38. Qxg4 1-0

[Event "Budapest Duna op"]
[Site "Budapest"]
[Date "2015.09.23"]
[Round "1"]
[White "Rudolf, Anna"]
[Black "Torok, Tamas Titusz"]
[Result "1-0"]
[WhiteElo "2329"]
[BlackElo "2139"]
[PlyCount "97"]
[EventDate "2015.09.23"]
[EventType "swiss"]
[EventRounds "9"]
[EventCountry "HUN"]
[SourceTitle "CBM 168 Extra"]
[Source "ChessBase"]
[SourceDate "2015.10.29"]
[SourceVersion "1"]
[SourceVersionDate "2015.10.29"]
[SourceQuality "1"]

1. e4 e5 2. Nf3 Nc6 3. Bb5 Nd4 4. Bc4 Nxf3+ 5. Qxf3 Nf6 6. d3 d6 7. h3 Be7 8. Nd2 c6 9. c3 0-0 10. Bb3 d5 11. Nf1 Be6 12. Ng3 dxe4 13. dxe4 Bxb3 14. axb3 g6 15. Bh6 Re8 16. Rd1 Qc7 17. Nf5 Nh5 18. 0-0 Bf8 19. Bg5 f6 20. Nh6+ Bxh6 21. Bxh6 Qf7 22. Rd6 Re6 23. Rfd1 Rae8 24. Be3 b6 25. b4 g5 26. g3 Ng7 27. Qe2 Rxd6 28. Rxd6 Rc8 29. Qa6 Rc7 30. Rd8+ Ne8 31. Qd3 Kg7 32. Kh2 h6 33. Qd1 Kh7 34. Qg4 Ng7 35. Rd6 h5 36. Qf3 Kg6 37. Qd1 Ne8 38. Rd8 Ng7 39. Rd6 Ne8 40. Rd8 Ng7 41. b3 Qe7 42. h4 Ne6 43. Rh8 Ng7 44. g4 Ne6 45. gxh5+ Kg7 46. Ra8 Nf4 47. Bxf4 exf4 48. hxg5 Qxe4 49. Qd8 1-0

[Event "ESP-chT CECLUB Div1"]
[Site "Linares"]
[Date "2015.08.13"]
[Round "6.1"]
[White "Rudolf, Anna"]
[Black "Aquino, Jose Rodolfo"]
[Result "1-0"]
[WhiteElo "2298"]
[BlackElo "2180"]
[PlyCount "103"]
[EventDate "2015.08.08"]
[EventType "team-tourn"]
[EventRounds "7"]
[EventCountry "ESP"]
[SourceTitle "EXT 2017"]
[Source "ChessBase"]
[SourceDate "2016.10.25"]
[SourceVersion "1"]
[SourceVersionDate "2016.10.25"]
[SourceQuality "1"]
[WhiteTeam "Casas Jaime"]
[BlackTeam "Silla Lopez Instalaciones"]
[WhiteTeamCountry "ESP"]
[BlackTeamCountry "ESP"]

1. e4 d5 2. exd5 Qxd5 3. Nc3 Qa5 4. Bc4 Nf6 5. d3 Nc6 6. Bd2 Qb6 7. Nf3 a6 8. Na4 Qa7 9. Be3 b6 10. h3 Bd7 11. Nc3 e6 12. 0-0 Na5 13. Ne5 Nxc4 14. dxc4 Rd8 15. Qe2 Be7 16. Rad1 0-0 17. Bg5 c5 18. Rd3 Qc7 19. Ne4 Qxe5 20. Nxf6+ Bxf6 21. Qxe5 Bxe5 22. Bxd8 Rxd8 23. Rfd1 Bd4 24. c3 e5 25. cxd4 exd4 26. g4 Be6 27. Rc1 h5 28. gxh5 Bf5 29. Rf3 g6 30. hxg6 Bxg6 31. Rd1 Rd6 32. Kf1 Kf8 33. Rg3 Bf5 34. Ke1 Bc2 35. Rc1 Bg6 36. Kd2 Rf6 37. Rf1 Ke7 38. f4 Be4 39. Re1 Rxf4 40. Rg4 Rf2+ 41. Re2 Rxe2+ 42. Kxe2 Bb1 43. a3 Ba2 44. Kd3 Bb1+ 45. Kd2 Ba2 46. h4 Bxc4 47. h5 Be6 48. Rg5 Kf6 49. h6 Kxg5 50. h7 b5 51. h8Q Kf4 52. b4 1-0

[Event "ESP-chT CECLUB Div1"]
[Site "Linares"]
[Date "2015.08.11"]
[Round "4.2"]
[White "Senlle Caride, Miguel"]
[Black "Rudolf, Anna"]
[Result "1/2-1/2"]
[WhiteElo "2320"]
[BlackElo "2298"]
[PlyCount "103"]
[EventDate "2015.08.08"]
[EventType "team-tourn"]
[EventRounds "7"]
[EventCountry "ESP"]
[SourceTitle "EXT 2017"]
[Source "ChessBase"]
[SourceDate "2016.10.25"]
[SourceVersion "1"]
[SourceVersionDate "2016.10.25"]
[SourceQuality "1"]
[WhiteTeam "Vigo Universidad"]
[BlackTeam "Casas Jaime"]
[WhiteTeamCountry "ESP"]
[BlackTeamCountry "ESP"]

1. e4 e6 2. d4 d5 3. Nc3 Nf6 4. e5 Nfd7 5. Qg4 c5 6. dxc5 Nxe5 7. Qg3 Nbc6 8. Be3 g6 9. 0-0-0 Bg7 10. Kb1 0-0 11. h4 h5 12. Be2 Qa5 13. f4 Nd7 14. f5 exf5 15. Nxd5 Nxc5 16. Qc7 Ne6 17. Qxa5 Nxa5 18. Nf3 b6 19. Ne7+ Kh8 20. Ng5 f4 21. Bc1 Nd4 22. Bf3 Bb7 23. Bxb7 Nxb7 24. c3 Ne2 25. Bd2 Rae8 26. Nd5 Be5 27. Rhe1 f3 28. Nxf3 Bg3 29. Rf1 Kg7 30. Be3 f5 31. Bg5 Rf7 32. Rd2 Nc5 33. Be3 f4 34. Bxc5 bxc5 35. Kc2 Rd7 36. Rfd1 Red8 37. Ng5 Re8 38. Nf3 Red8 39. Rxe2 Rxd5 40. Rxd5 Rxd5 41. Re7+ Kf6 42. Rxa7 Kf5 43. a4 Kg4 44. Rg7 Rd6 45. Ne5+ Kf5 46. Nf3 Kg4 47. a5 Bxh4 48. Rxg6+ Rxg6 49. Ne5+ Kg3 50. Nxg6 Bd8 51. a6 Bb6 52. Kd2 1/2-1/2

[Event "ESP-chT CECLUB Div1"]
[Site "Linares"]
[Date "2015.08.09"]
[Round "2.3"]
[White "Martinez Ramirez, Erik"]
[Black "Rudolf, Anna"]
[Result "1/2-1/2"]
[WhiteElo "2311"]
[BlackElo "2298"]
[PlyCount "102"]
[EventDate "2015.08.08"]
[EventType "team-tourn"]
[EventRounds "7"]
[EventCountry "ESP"]
[SourceTitle "EXT 2016"]
[Source "ChessBase"]
[SourceDate "2015.10.08"]
[SourceVersion "1"]
[SourceVersionDate "2015.10.08"]
[SourceQuality "1"]
[WhiteTeam "Barbera"]
[BlackTeam "Casas Jaime"]
[WhiteTeamCountry "ESP"]
[BlackTeamCountry "ESP"]

1. e4 e6 2. Nf3 d5 3. Nc3 d4 4. Ne2 c5 5. c3 Nf6 6. e5 Nfd7 7. cxd4 cxd4 8. Nexd4 Nxe5 9. Bb5+ Nec6 10. 0-0 Be7 11. Nxc6 Nxc6 12. Ne5 Bd7 13. Bxc6 Bxc6 14. Nxc6 bxc6 15. d4 0-0 16. Be3 Qd5 17. Qa4 Rfb8 18. Qc2 a5 19. b3 h6 20. Rac1 Ba3 21. Rb1 Bd6 22. Rfc1 Ra6 23. Qc4 Rb5 24. Qxd5 cxd5 25. Kf1 a4 26. bxa4 Rxb1 27. Rxb1 Rxa4 28. Rb2 Bb4 29. Rc2 f6 30. f4 Ra3 31. Ke2 Kf7 32. Bc1 Ra4 33. Kd3 Ba5 34. a3 Bd8 35. Bb2 g5 36. g3 gxf4 37. gxf4 Kg6 38. Rc8 Be7 39. Kc2 Kf5 40. Rh8 Bd6 41. Rxh6 Bxf4 42. Rh8 e5 43. Rd8 Ke4 44. Rd6 exd4 45. Rxf6 d3+ 46. Kd1 Ra7 47. Re6+ Kf3 48. Bc1 Bxc1 49. Kxc1 Rxa3 50. Kd2 Kf4 51. h4 Kf5 1/2-1/2

[Event "Andorra op 33rd"]
[Site "La Massana"]
[Date "2015.07.25"]
[Round "8"]
[White "Rudolf, Anna"]
[Black "Iturrizaga Bonelli, Eduardo"]
[Result "0-1"]
[WhiteElo "2335"]
[BlackElo "2625"]
[PlyCount "88"]
[EventDate "2015.07.18"]
[EventType "swiss"]
[EventRounds "9"]
[EventCountry "AND"]
[SourceTitle "CBM 167 Extra"]
[Source "ChessBase"]
[SourceDate "2015.09.14"]
[SourceVersion "1"]
[SourceVersionDate "2015.09.14"]
[SourceQuality "1"]

1. e4 c5 2. Nf3 g6 3. d4 Bg7 4. dxc5 Qa5+ 5. c3 Qxc5 6. Na3 Nc6 7. Nb5 Qb6 8. Bd3 Nf6 9. 0-0 0-0 10. Qe2 d6 11. h3 a6 12. Be3 Qd8 13. Nbd4 Bd7 14. a4 e5 15. Nxc6 Bxc6 16. Qc2 Re8 17. a5 d5 18. Bb6 Qe7 19. Nd2 Bh6 20. c4 d4 21. Rfd1 Qb4 22. f3 Nd7 23. c5 Rac8 24. Nb3 Ba4 25. Qc4 Qxc4 26. Bxc4 Nxb6 27. axb6 Bxb3 28. Bxb3 Rxc5 29. Bd5 Re7 30. Ra3 Bc1 31. Ra2 Be3+ 32. Kf1 Rd7 33. b3 Kf8 34. g3 Ke7 35. Ke2 Kd8 36. f4 exf4 37. gxf4 Rb5 38. Rc2 Rxb6 39. Rf1 f5 40. Kd3 fxe4+ 41. Kxe4 Rbd6 42. Bc4 d3 43. Rc3 Bd2 44. Rxd3 Re7+ 0-1